Familial lipid and lipoprotein profile in precocious ischemic stroke (Record no. 48917)

MARC details
000 -LEADER
fixed length control field 00350nam a2200133Ia 4500
008 - FIXED-LENGTH DATA ELEMENTS--GENERAL INFORMATION
fixed length control field 230917s9999||||xx |||||||||||||| ||und||
040 ## - CATALOGING SOURCE
-- 93472
Original cataloging agency VIVEKANANDA LIBRARY
041 ## - Language
-- English
082 ## - DDC NUMBER
Classification number 610 B227F
100 ## - MAIN ENTRY--PERSONAL NAME
Personal name Bansal, Chander Bhan
245 #0 - TITLE STATEMENT
Title Familial lipid and lipoprotein profile in precocious ischemic stroke
300 ## - PHYSICAL DESCRIPTION
Pages 114 p.
942 ## - ADDED ENTRY ELEMENTS (KOHA)
Koha item type Thesis
Holdings
Withdrawn status Lost status Damaged status Not for loan Location (home branch) Sublocation or collection (holding branch) Date acquired Koha issues (times borrowed) Koha full call number Accession No. Koha date last seen Koha item type
        VIVEKANANDA LIBRARY VIVEKANANDA LIBRARY 25/06/2003   610 B227F 116623 17/09/2023 Thesis
        VIVEKANANDA LIBRARY VIVEKANANDA LIBRARY 25/06/2003   610 B227F 116654 17/09/2023 Thesis
© Designed and Maintained by Vivekananda Library, MDU Rohtak